000 00236 a2200109 4500
245 _aStanlakes Introductory Economics
_hText
020 _a9780582405486
100 _aS.J Grant
650 _aECONOMICS
005 20191021095930.0
260 _c2000
084 _aNONE
999 _c12859
_d12859